Měnová politika a reformy po vstupu do Evropské unie
Predpoklady prijatia spoločnej meny euro v Českej republike. Vplyv mnohých faktorov na dátum prijatia eura. Dĺžka obdobia medzi vstupom do EÚ a vstupom do EMU sa odhaduje medzi šiestimi rokmi až viac. Výhody versus nevýhody vstupu do EMU. Bez reforiem je prijatie eura riskantné. Menová politika a re...
Gespeichert in:
| 1. Verfasser: | |
|---|---|
| Format: | Buchkapitel |
| Sprache: | Tschechisch |
| Schlagworte: | |
| Tags: |
Keine Tags, Fügen Sie das erste Tag hinzu!
|
MARC
| LEADER | 00000naa$a2200000$$$4500 | ||
|---|---|---|---|
| 001 | 0008898 | ||
| 005 | 20231010083045.5 | ||
| 041 | 0 | |a cze | |
| 044 | |a CZ | ||
| 245 | 1 | 0 | |a Měnová politika a reformy po vstupu do Evropské unie |c aut. Karel Machala |
| 520 | |a Predpoklady prijatia spoločnej meny euro v Českej republike. Vplyv mnohých faktorov na dátum prijatia eura. Dĺžka obdobia medzi vstupom do EÚ a vstupom do EMU sa odhaduje medzi šiestimi rokmi až viac. Výhody versus nevýhody vstupu do EMU. Bez reforiem je prijatie eura riskantné. Menová politika a reformy v medzidobí. Závislosť vybraných zemí na obchodných tokoch s EÚ (v perc. celku) - tab. | ||
| 610 | 2 | 0 | |a politika menová |
| 610 | 2 | 0 | |a Česko |
| 610 | 2 | 0 | |a Európska menová únia |
| 610 | 2 | 0 | |a euro |
| 100 | 1 | |a Machala, Karel | |